[Event "New York GM"]
[Site "New York USA"]
[Date "2023.04.09"]
[Round "8"]
[White "Corrales Jimenez, Fidel"]
[Black "Sai Krishna, GV."]
[Result "1-0"]
[WhiteElo "2489"]
[BlackElo "2385"]
[PlyCount "129"]
[EventDate "2023.04.05"]
[EventType "team"]
[EventRounds "9"]
[EventCountry "USA"]
[Source "ChessMix"]
[SourceDate "2023.04.10"]
[WhiteTeam "Team 1"]
[BlackTeam "Team 3"]

1. d4 Nf6 2. g3 g6 3. Bg2 Bg7 4. e4 d6 5. Ne2 O-O 6. O-O e5 7. h3 Nc6 8. d5 Ne7
9. c4 Nd7 10. Nbc3 f5 11. exf5 gxf5 12. f4 Ng6 13. Be3 Qe7 14. Qd2 e4 15. Nb5
Nc5 16. Rab1 a6 17. Nbd4 a5 18. b3 Bf6 19. a3 Qg7 20. Nb5 h5 21. h4 Kh7 22. Kh2
Rg8 23. Rg1 Qe7 24. Bh3 Nh8 25. Ned4 Kg6 26. Qe2 Qh7 27. Rbe1 Kh6 28. Rd1 Bd8
29. Rg2 Qf7 30. b4 axb4 31. axb4 Nd3 32. Ne6 Ng6 33. Nbd4 Ne7 34. Rxd3 exd3 35.
Qxd3 Ra4 36. Bxf5 Ra3 37. Qxa3 Nxf5 38. Qd3 Nxd4 39. f5+ Kh7 40. Bxd4 Bf6 41.
Rf2 Rg4 42. Bc3 Kg8 43. c5 Qe7 44. cxd6 cxd6 45. Bxf6 Qxf6 46. b5 Bd7 47. b6
Qe5 48. f6 Be8 49. Kh3 Bf7 50. Ng5 Kf8 51. Re2 Qa1 52. Kh2 Bg6 53. Qe3 Qe5 54.
Qxe5 dxe5 55. Rxe5 Rb4 56. d6 Rb2+ 57. Kg1 Rd2 58. f7 Kg7 59. Re8 Bxf7 60. Re7
Rxd6 61. Rxf7+ Kh6 62. Rxb7 Rd2 63. Rc7 Rb2 64. Rc6+ Kg7 65. Nh3 1-0

[Event "Choc des generations"]
[Site "Montreal CAN"]
[Date "2023.04.01"]
[Round "2.1"]
[White "Sai Krishna, GV."]
[Black "Zheng, Richard"]
[Result "1-0"]
[WhiteElo "2385"]
[BlackElo "2121"]
[PlyCount "131"]
[EventDate "2023.03.31"]
[EventType "schev"]
[EventRounds "5"]
[EventCountry "CAN"]

1. e4 c6 2. Nc3 d5 3. d4 dxe4 4. Nxe4 Nf6 5. Nxf6+ exf6 6. c3 Bd6 7. Bd3 O-O 8.
Ne2 Re8 9. Qc2 h5 10. Be3 Nd7 11. O-O-O Nf8 12. c4 Be6 13. Nc3 Qa5 14. Kb1 b5
15. cxb5 Rac8 16. bxc6 Rxc6 17. d5 Bxd5 18. Bh7+ Nxh7 19. Rxd5 Qb4 20. Qa4 Qb7
21. Qxa7 Qc8 22. Rhd1 Rxc3 23. bxc3 Qxc3 24. Bd4 Qb4+ 25. Bb2 Be5 26. Qa3 Qe4+
27. Ka1 Qxg2 28. Rd8 Qc6 29. Bxe5 fxe5 30. Qe7 Nf6 31. Rxe8+ Nxe8 32. Qxe5 Nf6
33. Qd4 Ne4 34. Rb1 Qc2 35. Qb2 Qc4 36. Rg1 g6 37. Rc1 Qa6 38. f3 Nd6 39. Rd1
Ne8 40. Qe5 Qc6 41. Qd5 Qc2 42. Qd2 Qc6 43. Qd3 Nc7 44. Qe4 Qf6+ 45. Kb1 Qb6+
46. Kc1 Qc5+ 47. Qc2 Qe3+ 48. Kb2 Nb5 49. Qd3 Qe5+ 50. Kb3 Qc5 51. Qc4 Qa3+ 52.
Kc2 Qa6 53. Rd8+ Kg7 54. Kd1 Qb6 55. Rd3 Qg1+ 56. Kc2 Qxh2+ 57. Kb3 Qb8 58. Qb4
Qe5 59. a4 Na7 60. Qd4 Nc6 61. Qxe5+ Nxe5 62. Rc3 h4 63. a5 h3 64. f4 h2 65.
Rh3 Nc6 66. a6 1-0

[Event "Choc des generations"]
[Site "Montreal CAN"]
[Date "2023.04.01"]
[Round "3.1"]
[White "Adam, Rafael"]
[Black "Sai Krishna, GV."]
[Result "1/2-1/2"]
[WhiteElo "1965"]
[BlackElo "2385"]
[PlyCount "117"]
[EventDate "2023.03.31"]
[EventType "schev"]
[EventRounds "5"]
[EventCountry "CAN"]

1. Nf3 Nf6 2. g3 g6 3. Bg2 Bg7 4. O-O O-O 5. c4 d6 6. d4 Nc6 7. Nc3 a6 8. d5
Na5 9. b3 c5 10. dxc6 bxc6 11. Bg5 h6 12. Bd2 Rb8 13. c5 d5 14. Bf4 Rb4 15. Be5
Nd7 16. Bxg7 Kxg7 17. Qd2 Rb8 18. e4 e6 19. Rac1 Qc7 20. Rfe1 Nb7 21. b4 Nd8
22. a3 a5 23. exd5 cxd5 24. Nd4 Nf6 25. c6 axb4 26. Ncb5 Rxb5 27. Nxb5 Qb6 28.
Qxb4 Nxc6 29. Qc5 Qxc5 30. Rxc5 Bd7 31. Ra1 Ra8 32. Nc3 Ra7 33. Ne2 Na5 34. Rc2
Nc4 35. Rc3 Ne8 36. Nd4 Ned6 37. f4 Ra4 38. Bf1 e5 39. fxe5 Nxe5 40. Nf3 Nec4
41. Bxc4 dxc4 42. Nd2 Kf6 43. Re1 Bf5 44. Rf3 h5 45. Ne4+ Nxe4 46. Rxe4 Rxa3
47. Rxa3 Bxe4 48. Kf2 Kg5 49. Ke3 Bf5 50. Kf3 Bg4+ 51. Kf2 Be6 52. Ra5+ Kf6 53.
h4 Ke7 54. Ke3 Kd6 55. Kd4 Kc6 56. Rc5+ Kb6 57. Re5 Kc6 58. Rc5+ Kd6 59. Ra5
1/2-1/2

[Event "Choc des generations"]
[Site "Montreal CAN"]
[Date "2023.04.02"]
[Round "4.5"]
[White "Tanaka, Tyler"]
[Black "Sai Krishna, GV."]
[Result "0-1"]
[WhiteElo "2257"]
[BlackElo "2385"]
[PlyCount "70"]
[EventDate "2023.03.31"]
[EventType "schev"]
[EventRounds "5"]
[EventCountry "CAN"]

1. d4 Nf6 2. Bf4 c5 3. e3 g6 4. Nc3 Bg7 5. Nf3 b6 6. Be2 Bb7 7. O-O O-O 8. h3
d5 9. Ne5 Nfd7 10. Bf3 Nxe5 11. Bxe5 Bxe5 12. dxe5 e6 13. Bg4 Nc6 14. f4 d4 15.
Nb5 Ba6 16. Be2 dxe3 17. Nd6 Bxe2 18. Qxe2 Nd4 19. Qd3 f6 20. c3 fxe5 21. fxe5
Rxf1+ 22. Rxf1 e2 23. Re1 Qh4 24. g3 Qxh3 25. Ne4 Rf8 26. Nf6+ Rxf6 27. exf6 c4
28. Qxd4 Qxg3+ 29. Kh1 Qxe1+ 30. Kh2 Qd1 31. f7+ Kxf7 32. Qf4+ Ke7 33. Qg5+ Kd7
34. Qb5+ Kd6 35. Qb4+ Ke5 0-1

[Event "Choc des generations"]
[Site "Montreal CAN"]
[Date "2023.04.02"]
[Round "5.5"]
[White "Sai Krishna, GV."]
[Black "Zhong, Kevin"]
[Result "1-0"]
[WhiteElo "2385"]
[BlackElo "2120"]
[PlyCount "67"]
[EventDate "2023.03.31"]
[EventType "schev"]
[EventRounds "5"]
[EventCountry "CAN"]

1. e4 c5 2. Nf3 d6 3. d4 cxd4 4. Nxd4 Nf6 5. Nc3 Nc6 6. Bg5 e6 7. Qd2 a6 8.
O-O-O h6 9. Nxc6 bxc6 10. Bf4 d5 11. Qe3 Be7 12. Be2 O-O 13. h4 Re8 14. Qg3 Kh8
15. Bc7 Qd7 16. Be5 Bf8 17. Qh2 Qe7 18. g4 Nd7 19. Bg3 Qb4 20. g5 e5 21. a3 Qa5
22. gxh6 gxh6 23. Rhg1 Bxa3 24. Rd3 d4 25. Nb1 Bd6 26. Qg2 Qd8 27. Rf3 Rf8 28.
Nd2 Nb6 29. Bf4 Rg8 30. Rg3 Bg4 31. Bxh6 Bxe2 32. Rxg8+ Qxg8 33. Bg7+ Kh7 34.
Qg5 1-0

[Event "Carnaval"]
[Site "Quebec CAN"]
[Date "2023.02.10"]
[Round "1"]
[White "Gingras, Philippe"]
[Black "Sai Krishna, GV."]
[Result "1/2-1/2"]
[WhiteElo "2054"]
[BlackElo "2472"]
[PlyCount "81"]
[EventDate "2023.02.10"]
[EventType "swiss"]
[EventRounds "5"]
[EventCountry "CAN"]

1. d4 Nf6 2. Bg5 c5 3. d5 Ne4 4. Bf4 Qb6 5. Qc1 g6 6. f3 Bg7 7. c3 Nd6 8. e4 e6
9. dxe6 dxe6 10. Nd2 Nd7 11. Nc4 Nxc4 12. Bxc4 O-O 13. Nh3 Qa5 14. Bh6 Ne5 15.
Be2 c4 16. Bxg7 Kxg7 17. Qe3 Rd8 18. Nf2 Qb5 19. Rd1 Rxd1+ 20. Nxd1 Nd3+ 21.
Bxd3 cxd3 22. O-O e5 23. Rf2 Be6 24. b3 a5 25. Rd2 a4 26. c4 Qb4 27. Rxd3 axb3
28. axb3 Ra1 29. h3 Rb1 30. Kh2 h5 31. Qg5 f6 32. Qe3 g5 33. Nc3 Rxb3 34. Nd5
Rxd3 35. Qxd3 Qc5 36. Qb3 Bxd5 37. cxd5 b5 38. d6 Qxd6 39. Qxb5 Qe6 40. Qb7+
Kg6 41. Qa8 1/2-1/2

[Event "Carnaval"]
[Site "Quebec CAN"]
[Date "2023.02.11"]
[Round "2"]
[White "Sai Krishna, GV."]
[Black "Wiebe, Isaac"]
[Result "1-0"]
[WhiteElo "2472"]
[BlackElo "2195"]
[PlyCount "49"]
[EventDate "2023.02.10"]
[EventType "swiss"]
[EventRounds "5"]
[EventCountry "CAN"]

1. e4 e6 2. d4 d5 3. Nc3 Bb4 4. Nge2 dxe4 5. a3 Be7 6. Nxe4 Nf6 7. N2g3 Nbd7 8.
Nc3 a6 9. Be2 O-O 10. O-O c5 11. dxc5 Bxc5 12. Bf4 e5 13. Bg5 h6 14. Bd2 Nb6
15. Bd3 Re8 16. h3 Bd7 17. Qf3 Bc6 18. Nce4 Nbd7 19. Rad1 Nxe4 20. Bxe4 Bxe4
21. Nxe4 Bf8 22. Bxh6 Re6 23. Qg4 Qc7 24. Rxd7 Qxd7 25. Nf6+ 1-0

[Event "Etoiles montantes 4"]
[Site "Montreal CAN"]
[Date "2023.01.07"]
[Round "1.2"]
[White "Joanis, Marc-Andre"]
[Black "Sai Krishna, GV."]
[Result "0-1"]
[WhiteElo "1683"]
[BlackElo "2379"]
[PlyCount "62"]
[EventDate "2023.01.07"]
[EventType "swiss"]
[EventRounds "5"]
[EventCountry "CAN"]

1. d4 Nf6 2. c4 g6 3. Nc3 Bg7 4. e4 d6 5. Be3 O-O 6. Bg5 Na6 7. Qd2 e5 8. d5
Nc5 9. f3 Qd7 10. g4 Ne8 11. Nh3 f5 12. Bh6 Qe7 13. Bg5 Qf7 14. Be3 f4 15. Bxc5
dxc5 16. Nf2 h5 17. h3 Nd6 18. b3 Qe7 19. O-O-O a6 20. Kc2 b5 21. Rb1 Bd7 22.
Bd3 Rfb8 23. Be2 Bf6 24. Bd3 Rb6 25. Rhg1 Kf7 26. Qe2 b4 27. Ncd1 a5 28. Nb2 a4
29. Ra1 Rba6 30. bxa4 Bxa4+ 31. Kd2 Bb3 0-1

[Event "Etoiles montantes 4"]
[Site "Montreal CAN"]
[Date "2023.01.07"]
[Round "2.2"]
[White "Sai Krishna, GV."]
[Black "Bassel, Charaf"]
[Result "1-0"]
[WhiteElo "2379"]
[BlackElo "2006"]
[PlyCount "47"]
[EventDate "2023.01.07"]
[EventType "swiss"]
[EventRounds "5"]
[EventCountry "CAN"]

1. e4 e5 2. Nf3 Nc6 3. Bb5 a6 4. Ba4 Nf6 5. O-O Bc5 6. Nxe5 Nxe5 7. d4 Nxe4 8.
Re1 Be7 9. Rxe4 Ng6 10. Nc3 c6 11. d5 O-O 12. Qh5 b5 13. Bb3 Bb7 14. Re3 Nf4
15. Qf5 Nxd5 16. Nxd5 cxd5 17. Rh3 g6 18. Qf4 f5 19. Be3 Rc8 20. Rd1 Bf6 21.
Rxd5 Rc4 22. Bxc4 bxc4 23. Rd6 Qc7 24. Rxf6 1-0

[Event "Etoiles montantes 4"]
[Site "Montreal CAN"]
[Date "2023.01.08"]
[Round "3.1"]
[White "Yuen, Lok"]
[Black "Sai Krishna, GV."]
[Result "0-1"]
[WhiteElo "1264"]
[BlackElo "2379"]
[PlyCount "76"]
[EventDate "2023.01.07"]
[EventType "swiss"]
[EventRounds "5"]
[EventCountry "CAN"]

1. e4 e5 2. Nf3 Nc6 3. Bb5 a6 4. Ba4 Nf6 5. O-O b5 6. Bb3 Bb7 7. Re1 Bc5 8. h3
d6 9. d3 O-O 10. c3 Nd7 11. Nbd2 Kh8 12. Nf1 f5 13. exf5 Rxf5 14. Ng3 Rf8 15.
Ne4 Na5 16. Bc2 Bb6 17. Be3 Bxe4 18. dxe4 Bxe3 19. fxe3 Nc4 20. b3 Ncb6 21. Qd2
Qf6 22. Rf1 Qg6 23. Nh4 Qg5 24. Nf3 Qh6 25. Rae1 Nf6 26. Qf2 Nbd7 27. b4 a5 28.
Bb1 Nb6 29. Qg3 axb4 30. cxb4 Ra4 31. Ng5 Rxb4 32. a3 Rb2 33. Rc1 Nc4 34. Bd3
Qg6 35. Rf3 Nd2 36. Ne6 Nxf3+ 37. Qxf3 Rf7 38. Nxc7 Ne8 0-1

[Event "Etoiles montantes 4"]
[Site "Montreal CAN"]
[Date "2023.01.08"]
[Round "5.1"]
[White "Tanaka, Tyler"]
[Black "Sai Krishna, GV."]
[Result "0-1"]
[WhiteElo "2250"]
[BlackElo "2379"]
[PlyCount "133"]
[EventDate "2023.01.07"]
[EventType "swiss"]
[EventRounds "5"]
[EventCountry "CAN"]

1. Nf3 Nf6 2. c4 g6 3. b3 Bg7 4. Bb2 d6 5. d4 O-O 6. g3 e5 7. dxe5 Nfd7 8. Nc3
dxe5 9. Qd2 c6 10. Bg2 Qa5 11. O-O Nc5 12. Rad1 Nba6 13. h3 Re8 14. Qc2 e4 15.
Nd4 Rd8 16. e3 Nd3 17. Ba1 f5 18. h4 c5 19. Nde2 Be6 20. Qb1 Nab4 21. Rd2 Rd7
22. Rfd1 Rad8 23. a4 a6 24. Kf1 Nc6 25. Qc2 Nce5 26. Nf4 Nxf4 27. gxf4 Rxd2 28.
Rxd2 Rxd2 29. Qxd2 Nd3 30. f3 Qb4 31. Qc2 Qa3 32. Qb1 Qc1+ 33. Qxc1 Nxc1 34.
fxe4 Nxb3 35. Bb2 Nd2+ 36. Ke2 Nxc4 37. Ba1 fxe4 38. Nxe4 Bxa1 39. Nxc5 Bf7 40.
Bxb7 a5 41. Kd3 Bf6 42. Bc6 Bxh4 43. e4 Bg3 44. e5 Nxe5+ 45. fxe5 Bxe5 46. Ke4
Bd6 47. Nd3 h5 48. Nf4 g5 49. Nd5 Bg6+ 50. Ke3 Kf7 51. Nc3 Bc5+ 52. Kf3 g4+ 53.
Kf4 Ba3 54. Bd5+ Kg7 55. Kg3 Bc1 56. Kh4 Kf6 57. Bc6 Bg5+ 58. Kg3 Ke5 59. Ne2
Bf5 60. Kf2 h4 61. Nc3 h3 62. Ne2 Bh4+ 63. Kg1 g3 64. Nc3 Be7 65. Ne2 Bc5+ 66.
Kh1 g2+ 67. Kh2 0-1

[Event "Quebec op"]
[Site "Longueuil CAN"]
[Date "2018.07.21"]
[Round "1.7"]
[White "Sai Krishna, GV."]
[Black "Boulay, David"]
[Result "1-0"]
[WhiteElo "2388"]
[BlackElo "1971"]
[PlyCount "51"]
[EventDate "2018.07.21"]
[EventType "swiss"]
[EventRounds "9"]
[EventCountry "CAN"]

1. e4 c5 2. Nf3 d6 3. d4 cxd4 4. Nxd4 Nf6 5. Nc3 a6 6. Bg5 e6 7. f4 Be7 8. Qf3
Qa5 9. O-O-O Bd7 10. e5 dxe5 11. fxe5 Nc6 12. Nf5 exf5 13. exf6 gxf6 14. Bf4
Be6 15. Kb1 Rc8 16. Nd5 Bd8 17. c4 Ne5 18. Qg3 Ng6 19. Bd6 Qa4 20. Bd3 Qc6 21.
Rhe1 b5 22. Bxf5 Kd7 23. Rxe6 fxe6 24. Nxf6+ Bxf6 25. Ba3+ Ke8 26. Qxg6+ 1-0

[Event "Quebec op"]
[Site "Longueuil CAN"]
[Date "2018.07.22"]
[Round "2.7"]
[White "Soudre, Nicolas"]
[Black "Sai Krishna, GV."]
[Result "0-1"]
[WhiteElo "2080"]
[BlackElo "2388"]
[PlyCount "44"]
[EventDate "2018.07.21"]
[EventType "swiss"]
[EventRounds "9"]
[EventCountry "CAN"]

1. e4 e5 2. f4 d5 3. exd5 exf4 4. Nf3 Nf6 5. c4 c6 6. Nc3 cxd5 7. d4 Bb4 8.
Bxf4 O-O 9. Be2 dxc4 10. Bxc4 Nc6 11. O-O Bg4 12. a3 Ba5 13. Be3 Bb6 14. Ne2
Nd5 15. Bf2 Bxf3 16. gxf3 Qg5+ 17. Ng3 Nf4 18. Kh1 Bxd4 19. Bxd4 Rad8 20. Qb3
Rxd4 21. Rae1 Rd2 22. Bxf7+ Kh8 0-1

[Event "Quebec op"]
[Site "Longueuil CAN"]
[Date "2018.07.22"]
[Round "3.4"]
[White "Sai Krishna, GV."]
[Black "Sambuev, Bator"]
[Result "1-0"]
[WhiteElo "2388"]
[BlackElo "2514"]
[PlyCount "71"]
[EventDate "2018.07.21"]
[EventType "swiss"]
[EventRounds "9"]
[EventCountry "CAN"]

1. e4 c5 2. Nf3 Nc6 3. Nc3 g6 4. d4 cxd4 5. Nxd4 Bg7 6. Be3 Nf6 7. Bc4 O-O 8.
Bb3 Re8 9. O-O d6 10. h3 Na5 11. Qd2 b6 12. Bh6 Bb7 13. Bxf7+ Kxf7 14. Bxg7 Nc4
15. Qh6 Nh5 16. f4 Rg8 17. f5 Rxg7 18. fxg6+ Kg8 19. Ne6 Rxg6 20. Qxh5 Qc8 21.
Rf8+ Qxf8 22. Nxf8 Rxf8 23. Nd5 Rg7 24. Rf1 Rxf1+ 25. Kxf1 Rf7+ 26. Kg1 Ne5 27.
Qg5+ Kf8 28. Nc7 Rf6 29. Qh5 Ng6 30. Qg4 Ne5 31. Qe2 Ng6 32. Qc4 Ne5 33. Ne6+
Ke8 34. Qc7 Bc6 35. Qc8+ Kf7 36. Nd8+ 1-0

[Event "Ligue elite du dimanche"]
[Site "Montreal CAN"]
[Date "2018.05.26"]
[Round "1"]
[White "Huang, Qiuyu"]
[Black "Sai Krishna, GV."]
[Result "0-1"]
[WhiteElo "2183"]
[BlackElo "2459"]
[PlyCount "118"]
[EventDate "2018.05.26"]
[EventType "team"]
[EventRounds "3"]
[EventCountry "CAN"]
[WhiteTeam "SHREDDERS"]
[BlackTeam "HAKUNA MATATA"]

1. e4 e5 2. Nf3 Nc6 3. Bc4 Nf6 4. d3 h6 5. O-O d6 6. a4 g6 7. h3 Bg7 8. a5 a6
9. Nc3 O-O 10. Be3 g5 11. Nh2 Be6 12. Ng4 Ne7 13. Nxf6+ Bxf6 14. Qh5 Kg7 15. g3
Ng6 16. Kh2 c6 17. Bxe6 fxe6 18. Na4 Qe7 19. Kh1 Qf7 20. Nb6 Rad8 21. c3 d5 22.
exd5 exd5 23. f4 exf4 24. gxf4 Nxf4 25. Qxf7+ Rxf7 26. Bxf4 gxf4 27. Rxf4 Be5
28. Rg4+ Kh7 29. Re1 Bd6 30. Kg2 Rdf8 31. Re2 Rf5 32. h4 h5 33. Rg5 Rxg5+ 34.
hxg5 Rg8 35. Kh3 Rxg5 36. Kh4 Kh6 37. Nc8 Rg4+ 38. Kh3 Bf4 39. Re7 Rg3+ 40. Kh4
Rg2 41. Re6+ Rg6 42. Re8 Rg4+ 43. Kh3 Kg5 44. Rg8+ Kf5 45. Rh8 Rg3+ 46. Kh4
Rxd3 47. Rxh5+ Kg6 48. Ne7+ Kf6 49. Rf5+ Kxe7 50. Rxf4 Kd7 51. Rf7+ Kc8 52.
Rf8+ Kc7 53. Rf7+ Kb8 54. Rf2 d4 55. Rf8+ Ka7 56. cxd4 Rxd4+ 57. Kg3 Rb4 58.
Rf2 Rb5 59. Kf4 Rxa5 0-1

[Event "Ligue elite du dimanche"]
[Site "Montreal CAN"]
[Date "2018.05.27"]
[Round "2"]
[White "Tomb, Maroun"]
[Black "Sai Krishna, GV."]
[Result "0-1"]
[WhiteElo "2295"]
[BlackElo "2459"]
[PlyCount "54"]
[EventDate "2018.05.26"]
[EventType "team"]
[EventRounds "3"]
[EventCountry "CAN"]
[WhiteTeam "iCHESS"]
[BlackTeam "HAKUNA MATATA"]

1. d4 Nf6 2. c4 g6 3. Nc3 Bg7 4. e4 d6 5. h4 Nc6 6. h5 Nxh5 7. g4 Nf6 8. g5 Nd7
9. Nge2 e5 10. d5 Nd4 11. Nxd4 exd4 12. Nb5 Nc5 13. f3 Qe7 14. Nxd4 f5 15. gxf6
Bxf6 16. Be3 Bh4+ 17. Kd2 O-O 18. Bg2 Bd7 19. Qg1 Bf6 20. Re1 a6 21. Bh3 Bxd4
22. Bxd4 Rxf3 23. Bxd7 Nxd7 24. Qg4 Raf8 25. Rxh7 Qxh7 26. Rh1 Rf2+ 27. Bxf2
Qxh1 0-1

[Event "Ligue elite du dimanche"]
[Site "Montreal CAN"]
[Date "2018.05.27"]
[Round "3"]
[White "Sai Krishna, GV."]
[Black "Zhu, Hong Rui"]
[Result "1-0"]
[WhiteElo "2459"]
[BlackElo "2298"]
[PlyCount "61"]
[EventDate "2018.05.26"]
[EventType "team"]
[EventRounds "3"]
[EventCountry "CAN"]
[WhiteTeam "HAKUNA MATATA"]
[BlackTeam "GRINDERS"]

1. e4 c5 2. Nc3 g6 3. h4 h5 4. Bc4 Nc6 5. Nf3 Bg7 6. d3 Nh6 7. Bg5 O-O 8. Nd5
Ng4 9. c3 Re8 10. d4 cxd4 11. cxd4 b5 12. Bb3 a5 13. a3 Ba6 14. Rc1 Qb8 15. e5
Qb7 16. Nh2 Nxh2 17. Rxh2 a4 18. Bc2 Rac8 19. g4 hxg4 20. h5 f6 21. h6 fxg5 22.
Qd3 Nxe5 23. dxe5 Qc6 24. hxg7 Kxg7 25. Nf6 exf6 26. Qxg6+ Kf8 27. Rh8+ Ke7 28.
Qg7+ Ke6 29. Rxe8+ Rxe8 30. Qxf6+ Kd5 31. Be4+ 1-0

[Event "Winter Classic inv."]
[Site "Montreal CAN"]
[Date "2018.01.02"]
[Round "1"]
[White "Yu, Zong Yang"]
[Black "Sai Krishna, GV."]
[Result "1-0"]
[WhiteElo "2392"]
[BlackElo "2370"]
[PlyCount "113"]
[EventDate "2018.01.02"]
[EventType "tourn"]
[EventRounds "7"]
[EventCountry "CAN"]

1. d4 Nf6 2. c4 g6 3. Nc3 Bg7 4. e4 d6 5. Bd3 O-O 6. Nge2 e5 7. d5 Nbd7 8. O-O
Nh5 9. Be3 f5 10. exf5 gxf5 11. f3 Nc5 12. Bc2 a5 13. Qd2 Bd7 14. Rab1 Kh8 15.
b3 Rg8 16. Kh1 Bf6 17. a3 f4 18. Bxc5 dxc5 19. Ne4 b6 20. d6 c6 21. b4 axb4 22.
axb4 cxb4 23. Qxb4 Rb8 24. Ra1 Bh4 25. Ra7 Bg3 26. h3 Rg7 27. Qc3 Qh4 28. Rxd7
Rxd7 29. Qxe5+ Ng7 30. Nf6 Rf7 31. Ne4 Re8 32. Qb2 Qd8 33. Nd4 Rxe4 34. Bxe4
Qxd6 35. Ra1 Rd7 36. Ne2 c5 37. Nc3 Qd4 38. Ra8+ Rd8 39. Rxd8+ Qxd8 40. Nd5 Kg8
41. Qe5 Kh8 42. Qa1 Qb8 43. Nxb6 Bf2 44. Qf6 Bd4 45. Qh6 Kg8 46. Qxh7+ Kf7 47.
Qg6+ Ke7 48. Qg5+ Kf7 49. Qd5+ Ke7 50. Qd7+ Kf8 51. Qxd4 Qxb6 52. Qe5 Qh6 53.
Qxc5+ Kg8 54. Qd5+ Kf8 55. Qd8+ Ne8 56. c5 Qg5 57. Qxg5 1-0

[Event "Winter Classic inv."]
[Site "Montreal CAN"]
[Date "2018.01.03"]
[Round "2"]
[White "Sai Krishna, GV."]
[Black "Masse, Hugues"]
[Result "1-0"]
[WhiteElo "2370"]
[BlackElo "2129"]
[PlyCount "85"]
[EventDate "2018.01.02"]
[EventType "tourn"]
[EventRounds "7"]
[EventCountry "CAN"]

1. e4 e5 2. Nf3 Nc6 3. Bb5 a6 4. Ba4 Nf6 5. O-O Be7 6. Re1 b5 7. Bb3 d6 8. c3
O-O 9. h3 Nb8 10. d4 Nbd7 11. Nbd2 Bb7 12. Bc2 Re8 13. Nf1 Bf8 14. Ng3 g6 15.
a4 c5 16. d5 c4 17. Bg5 Be7 18. Qd2 Nc5 19. Ra3 Nfd7 20. h4 Nb6 21. axb5 axb5
22. Rxa8 Bxa8 23. Nh2 h5 24. Rf1 Bxg5 25. hxg5 Nbd7 26. Nf3 Bb7 27. Nh4 Bc8 28.
Ra1 Bb7 29. Rf1 Qc7 30. f4 exf4 31. Qxf4 Ne5 32. Nhf5 gxf5 33. Nxh5 Ra8 34.
exf5 Ncd3 35. Bxd3 cxd3 36. g6 Qc5+ 37. Kh1 fxg6 38. fxg6 Qc7 39. Nf6+ Kg7 40.
Qh4 Rh8 41. Ne8+ Kg8 42. Qxh8+ Kxh8 43. Rf8# 1-0

[Event "Winter Classic inv."]
[Site "Montreal CAN"]
[Date "2018.01.04"]
[Round "5"]
[White "Hua, Eugene"]
[Black "Sai Krishna, GV."]
[Result "1/2-1/2"]
[WhiteElo "2254"]
[BlackElo "2370"]
[PlyCount "83"]
[EventDate "2018.01.02"]
[EventType "tourn"]
[EventRounds "7"]
[EventCountry "CAN"]

1. e4 e5 2. Nf3 Nc6 3. d4 exd4 4. Nxd4 Nf6 5. Nxc6 bxc6 6. e5 Qe7 7. Qe2 Nd5 8.
c4 Ba6 9. b3 g6 10. f4 f6 11. exf6 Qxe2+ 12. Bxe2 Bb4+ 13. Bd2 Bxd2+ 14. Kxd2
Nxf4 15. Nc3 O-O 16. Rhf1 Rxf6 17. Ne4 Rf7 18. Nc5 Re8 19. Bg4 Bc8 20. Rae1
Rxe1 21. Rxe1 Kf8 22. Rf1 Ke7 23. g3 Ne6 24. Rxf7+ Kxf7 25. Nxe6 dxe6 26. c5
Kf6 27. Ke3 Ke5 28. Bf3 Bd7 29. Be4 Be8 30. h4 h6 31. b4 Kf6 32. a3 g5 33. Kd4
Bd7 34. a4 Be8 35. a5 Bd7 36. Ke3 gxh4 37. gxh4 Ke5 38. Bc2 Kd5 39. Bb3+ Ke5
40. Bc2 Be8 41. Be4 Bd7 42. Bc2 1/2-1/2

[Event "Varennes int."]
[Site "Varennes CAN"]
[Date "2017.07.10"]
[Round "2.10"]
[White "Aubut, Jean-Philippe"]
[Black "Sai Krishna, GV."]
[Result "0-1"]
[WhiteElo "1046"]
[BlackElo "2369"]
[PlyCount "72"]
[EventDate "2017.10.06"]
[EventType "swiss"]
[EventRounds "5"]
[EventCountry "CAN"]

1. d4 Nf6 2. Bf4 g6 3. Nf3 Bg7 4. e3 d6 5. Bd3 O-O 6. O-O Nbd7 7. Nbd2 Re8 8.
Re1 e5 9. dxe5 dxe5 10. Bg5 h6 11. Bxf6 Nxf6 12. Ne4 Nxe4 13. Bxe4 f5 14. Bd5+
Kh7 15. e4 Qf6 16. Qe2 f4 17. h3 g5 18. Nd2 Qg6 19. f3 h5 20. Qc4 Re7 21. Qb4
Bf8 22. Qc3 Qf6 23. Kf2 Rg7 24. Ke2 c6 25. Bb3 Bd6 26. Nc4 Bc7 27. Rad1 a5 28.
a4 b5 29. Nd2 Ba6 30. axb5 cxb5 31. Qc5 Bb6 32. Qd5 Rd8 33. Qe6 b4+ 34. Bc4
Qxe6 35. Bxa6 Bf2 36. Bc4 Qb6 0-1

[Event "Varennes int."]
[Site "Varennes CAN"]
[Date "2017.10.07"]
[Round "3.4"]
[White "Sai Krishna, GV."]
[Black "Ruiz Sanchez, Orlen"]
[Result "1/2-1/2"]
[WhiteElo "2369"]
[BlackElo "2409"]
[PlyCount "112"]
[EventDate "2017.10.06"]
[EventType "swiss"]
[EventRounds "5"]
[EventCountry "CAN"]

1. e4 c5 2. Nf3 d6 3. d4 cxd4 4. Nxd4 Nf6 5. Nc3 a6 6. Bg5 Nc6 7. Qd2 e6 8.
O-O-O Be7 9. f3 Nxd4 10. Qxd4 b5 11. Kb1 Bb7 12. Bxf6 Bxf6 13. Qxd6 Qxd6 14.
Rxd6 Bxc3 15. bxc3 Ke7 16. Rd3 Rac8 17. Be2 Rc7 18. Rhd1 Rhc8 19. R1d2 g5 20.
Kb2 h5 21. Rd4 Kf6 22. a4 Rc5 23. axb5 axb5 24. Rd8 Rxc3 25. Rxc8 Rxc8 26. Bxb5
g4 27. c4 Ke5 28. Rd7 Rb8 29. Rxf7 Ba6 30. Rh7 Kd4 31. Rxh5 gxf3 32. gxf3 e5
33. h4 Bxb5 34. cxb5 Rxb5+ 35. Ka3 Rb6 36. Rf5 Rh6 37. h5 Rb6 38. Ka4 Ra6+ 39.
Kb3 Rc6 40. Kb2 Ke3 41. Kb3 Kd4 42. Kb4 Rb6+ 43. Ka5 Rc6 44. Rg5 Rf6 45. Rf5
Rc6 46. Kb5 Re6 47. Rg5 Rh6 48. Kb4 Rb6+ 49. Ka4 Rf6 50. Rf5 Rb6 51. Ka3 Kc3
52. Ka4 Kd4 53. Ka5 Rc6 54. Rg5 Rf6 55. Rg3 Rh6 56. Rg5 Rf6 1/2-1/2

[Event "Varennes int."]
[Site "Varennes CAN"]
[Date "2017.10.08"]
[Round "4.5"]
[White "Hambleton, Aman"]
[Black "Sai Krishna, GV."]
[Result "1-0"]
[WhiteElo "2479"]
[BlackElo "2369"]
[PlyCount "95"]
[EventDate "2017.10.06"]
[EventType "swiss"]
[EventRounds "5"]
[EventCountry "CAN"]

1. d4 Nf6 2. Bf4 g6 3. Nc3 d5 4. e3 Nh5 5. Bg5 h6 6. Bh4 Bg7 7. Be2 Nf6 8. Nf3
Nbd7 9. Ne5 c6 10. f4 Ne4 11. Nxe4 dxe4 12. Bc4 Nxe5 13. fxe5 g5 14. O-O e6 15.
Qh5 O-O 16. Bg3 b5 17. Bb3 c5 18. c3 b4 19. Qg4 Ba6 20. Qxe4 Bxf1 21. Rxf1 bxc3
22. bxc3 Rc8 23. c4 f5 24. exf6 Rxf6 25. Rd1 Qe8 26. h3 Qg6 27. Qb7 Rff8 28.
dxc5 g4 29. hxg4 Qxg4 30. Bd6 Qe2 31. Qe4 Qf2+ 32. Kh1 Qf5 33. Bc2 Qxe4 34.
Bxe4 Rfd8 35. c6 Bc3 36. c5 Bb4 37. Rd4 a5 38. Bf3 Kf7 39. Rf4+ Kg7 40. Be5+
Kg8 41. Rf6 Bxc5 42. Rxh6 Bxe3 43. Rh8+ Kf7 44. Rxd8 Rxd8 45. c7 Rc8 46. Bb7
Bd4 47. Bxc8 Bxe5 48. Bxe6+ 1-0

[Event "Varennes int."]
[Site "Varennes CAN"]
[Date "2017.10.08"]
[Round "5.7"]
[White "Sai Krishna, GV."]
[Black "Huang, Qiuyu"]
[Result "1-0"]
[WhiteElo "2369"]
[BlackElo "2153"]
[PlyCount "59"]
[EventDate "2017.10.06"]
[EventType "swiss"]
[EventRounds "5"]
[EventCountry "CAN"]

1. Nc3 c5 2. e4 Nc6 3. Nf3 g6 4. d4 cxd4 5. Nxd4 Bg7 6. Be3 Nf6 7. Bc4 O-O 8.
Bb3 d6 9. f3 Bd7 10. Qd2 Rc8 11. O-O-O Nxd4 12. Bxd4 b5 13. h4 a5 14. h5 a4 15.
Bxf6 exf6 16. Bd5 f5 17. hxg6 hxg6 18. g4 f4 19. Qxf4 b4 20. Qxd6 Qg5+ 21. f4
Be5 22. Qxe5 Qxe5 23. fxe5 bxc3 24. Rh6 cxb2+ 25. Kxb2 Kg7 26. Rdh1 g5 27. Rh7+
Kg8 28. R1h5 Rb8+ 29. Kc1 Rfe8 30. Rh8+ 1-0